000 00263nam a2200097Ia 4500
005 20251222114400.0
008 251222s1900||||xx |||||||||||||| ||spa||
082 _aDVD0070/W42S/1989/Ej.2
245 0 _aLa sociedad de los poetas muertos:Dead Poets Society
942 _cDVD
999 _c1596
_d1596